<?xml version="1.0" encoding="UTF-8"?>
<record
    xmlns:xsi="http://www.w3.org/2001/XMLSchema-instance"
    xsi:schemaLocation="http://www.loc.gov/MARC21/slim http://www.loc.gov/standards/marcxml/schema/MARC21slim.xsd"
    xmlns="http://www.loc.gov/MARC21/slim">

  <leader>01683nam a22002537a 4500</leader>
  <controlfield tag="005">20210921041850.0</controlfield>
  <controlfield tag="008">210920b           ||||| |||| 00| 0 eng d</controlfield>
  <datafield tag="020" ind1=" " ind2=" ">
    <subfield code="a">9780195693034</subfield>
  </datafield>
  <datafield tag="040" ind1=" " ind2=" ">
    <subfield code="c">AL</subfield>
  </datafield>
  <datafield tag="041" ind1=" " ind2=" ">
    <subfield code="a">eng</subfield>
  </datafield>
  <datafield tag="082" ind1=" " ind2=" ">
    <subfield code="2">23</subfield>
    <subfield code="a">382.92</subfield>
    <subfield code="b">NAYG</subfield>
  </datafield>
  <datafield tag="100" ind1=" " ind2=" ">
    <subfield code="a">Baldev Raj Nayar</subfield>
    <subfield code="9">78</subfield>
  </datafield>
  <datafield tag="245" ind1=" " ind2=" ">
    <subfield code="a">Geopolitics of globalisation</subfield>
    <subfield code="b">The consequences for development</subfield>
  </datafield>
  <datafield tag="260" ind1=" " ind2=" ">
    <subfield code="a">New Delhi</subfield>
    <subfield code="b">Oxford University Press</subfield>
    <subfield code="c">2007</subfield>
  </datafield>
  <datafield tag="300" ind1=" " ind2=" ">
    <subfield code="a">xii, 301p.</subfield>
    <subfield code="b">PB</subfield>
    <subfield code="c">21x13.5 cm.</subfield>
  </datafield>
  <datafield tag="500" ind1=" " ind2=" ">
    <subfield code="a">Political Science</subfield>
  </datafield>
  <datafield tag="520" ind1=" " ind2=" ">
    <subfield code="a">This book explores the various aspects of globalization, especially the role played by geopolitics in its contemporary structuring. It focuses on the role of the US as the hegemonic power along with its European allies. Together, these powers constitute the regime makers in the modern day international system. The others in the system are to varying degrees simply regime takers. Needless to say the regime makers, particularly the US, determine the nature, scope and speed of globalization, and understanding their behaviour and its underlying determinants are crucial for the regime takers. The study operates on an empirically vast canvas, first proceeding to theoretically inform on the nature of globalization and its effect on markets, hegemony, and concentration of economic and political power. It applies findings to the growth of the original Asian tigers, the Southeast Asian nations, China, and the resulting and important influences on India and Pakistan.</subfield>
  </datafield>
  <datafield tag="650" ind1=" " ind2=" ">
    <subfield code="9">66</subfield>
    <subfield code="a">Pakistan</subfield>
  </datafield>
  <datafield tag="650" ind1=" " ind2=" ">
    <subfield code="a">China</subfield>
    <subfield code="9">79</subfield>
  </datafield>
  <datafield tag="650" ind1=" " ind2=" ">
    <subfield code="9">74</subfield>
    <subfield code="a">Globalisation Politics </subfield>
  </datafield>
  <datafield tag="650" ind1=" " ind2=" ">
    <subfield code="9">75</subfield>
    <subfield code="a">Political Development</subfield>
  </datafield>
  <datafield tag="700" ind1=" " ind2=" ">
    <subfield code="a">NAYAR (Baldev Raj)</subfield>
    <subfield code="9">67</subfield>
  </datafield>
  <datafield tag="942" ind1=" " ind2=" ">
    <subfield code="2">ddc</subfield>
    <subfield code="c">GF</subfield>
  </datafield>
  <datafield tag="999" ind1=" " ind2=" ">
    <subfield code="c">216296</subfield>
    <subfield code="d">216296</subfield>
  </datafield>
  <datafield tag="952" ind1=" " ind2=" ">
    <subfield code="0">0</subfield>
    <subfield code="1">0</subfield>
    <subfield code="2">ddc</subfield>
    <subfield code="4">0</subfield>
    <subfield code="7">0</subfield>
    <subfield code="8">COM</subfield>
    <subfield code="a">AL</subfield>
    <subfield code="b">AL</subfield>
    <subfield code="d">2013-03-24</subfield>
    <subfield code="l">0</subfield>
    <subfield code="o">382.92 NAYG</subfield>
    <subfield code="p">GF01602</subfield>
    <subfield code="r">2021-09-20 00:00:00</subfield>
    <subfield code="v">345.00</subfield>
    <subfield code="w">2013-03-24</subfield>
    <subfield code="y">DB</subfield>
  </datafield>
</record>
